| 000 | 00795nam a2200265 a 4500 | ||
|---|---|---|---|
| 001 | 51957 | ||
| 003 | BD-RjUL | ||
| 005 | 20211209075733.0 | ||
| 008 | 160905r20062003njua 001 0 eng | ||
| 020 | _a8120328108 | ||
| 035 | _a(BD-RjUL) | ||
| 040 |
_aDLC _cDLC _dDLC _dBD-RjUL _beng |
||
| 041 | _aeng | ||
| 082 | 0 | 0 |
_a332.0414 _223 _bFAC 2006 |
| 100 | 1 |
_aFabozzi, Frank J. _98027 |
|
| 245 | 1 | 0 |
_aCapital markets : _binstitutions and instruments / _cFrank J. Fabozzi, Franco Modigliani and Frank J. Jones |
| 250 | _a3rd ed. | ||
| 260 |
_aNew Delhi : _bPrentice Hall, _c2003, c2006 |
||
| 300 |
_axvi, 644 p. : _bill. ; _c25 cm. |
||
| 500 | _aIncludes index. | ||
| 650 | 0 |
_aCapital market. _98028 |
|
| 700 | 1 |
_aModigliani, Franco. _98029 |
|
| 700 | 1 |
_aJones, Frank J. _9155375 |
|
| 942 |
_2ddc _cBK |
||
| 999 |
_c51957 _d51957 |
||